000 00491nam a2200181 i 4500
001 C2-0262725
003 PPAK
005 20180729000255.0
008 050216s2004 xx |||| ||||| | eng d
040 _aPPAK
_beng
_cPPAK
_erda
245 0 0 _aPingu has an idea
264 1 _a[place of publication not identified] :
_bThe Pygos Group ,
_c2004
336 _2rdacontent
_atext
337 _2rdamedia
_aunmediated
338 _2rdacarrier
_avolume
500 _aVCD 0845/05
942 _2ddc
_cVCD
999 _c165002
_d165002